000 02341nam0a2200397 4500
001 RU\NLR\bibl\1804949
005 20260408043830.0
010 _a978-5-902532-77-4
_985
021 _aRU
_b2011-58211
_94119
035 _a(nilc)RSL-KNO-004981625
035 _a(NLR Aleph) 001795596
090 _a1780258
_c1780258
100 _a20110802d2011 |||y0rusy50 ca
101 1 _arus
102 _aRU
105 _ay |||||||||
200 1 _aИностранный язык. Межкультурная профессионально ориентированная коммуникация
_eматериалы I-ой Региональной студенческой научно-практической конференции по переводоведению, 21 апреля 2011 года
_f[редкол.: С. Ю. Баракина (гл. ред.), С. К. Войнатовская]
210 _aУльяновск
_cУГСХА
_d2011
215 _a137 с.
_cтабл.
_d29
300 _aВ надзаг.: Ульяновская гос с.-х. акад.
320 _aБиблиогр. в конце докл.
517 0 _aМежкультурная профессионально ориентированная коммуникация
606 1 _aСтилистика деловой речи
_jСъезды, совещания и т.п.
_92410683
_3RU\NLR\auth\661436347
606 1 _aАнглийский язык
_jСъезды, совещания и т.п.
_xСтилистика деловой речи
_92410680
_3RU\NLR\auth\661436345
686 _aШ140-77я431(2)
_2rubbk
686 _aШ107.0я431
686 _aШ143.21-70я431
702 1 _aБаракина
_bС. Ю.
_gСветлана Юрьевна
_4340
711 1 2 _a"Иностранный язык. Межкультурная профессионально ориентированная коммуникация", региональная студенческая научно-практическая конференция по переводоведению
_d1
_eУльяновск
_f2011
_9274273
_3RU\NLR\AUTH\8810191978
801 0 _aRU
_bRuMoRKP
_c20110802
_grcr
801 1 _aRU
_bРГБ
_c20110802
801 2 _aRU
_bNLR
_c20110902
_grcr
942 _cBOOK
980 _aNB
980 _aNBR